| 000 | 01990naa a22003737a 4500 | ||
|---|---|---|---|
| 001 | BR8501062 | ||
| 003 | BR-BrBNA | ||
| 005 | 20240918175540.0 | ||
| 007 | ta | ||
| 008 | 230509b bl.||||| |||| 00| 0 por d | ||
| 040 |
_aBR-BrBNA _bpor _cBiblioteca Nacional de Agricultura |
||
| 041 | _a(Pt) | ||
| 072 |
_aH20; F30 _b0170 _b4120 _bG514 |
||
| 090 | _aH20 BR8501062 | ||
| 100 | 1 | _aNeto, N. | |
| 100 | 1 | _aVieira, R.E. | |
| 100 | 1 | _aBrancao, N. | |
| 111 | 1 |
_a13. Reuniao Tecnica Anual do Sorgo _cPelotas, RS (Brazil) _d24-27 Jul 1984 |
|
| 245 | 1 | _aEnsaio nacional de doencas do sorgo [Sorghum bicolor L. Moench, melhoramento genetico vegetal, germoplasma, mildio, Sclerospora sorghi, antracnose, Colletotrichum gloeosporioides, helminthosporiose, Helminthosporium turcicum, Centro de Experimentacao e Pesquisa, Federacao das Cooperativas de Trigo e Soja do Rio Grande do Sul, Brasil] | |
| 246 | 1 | _a[National trial of sorghum diseases [Sorghum bicolor L. Moench, plant breeding, germplasm, mildew, Sclerospora sorghi, anthracnose, Colletotrichum gloeosporioides, helminthosporiosis, Helminthosporium turcicum, Centro de Experimentacao e Pesquisa, Federacao das Cooperativas de Trigo e Soja do Rio Grande do Sul, Brazil]] | |
| 246 | 1 | _a[Contribution of the Centro de Experimentacao e Pesquisa to the 13. Technical Yearly Meeting of Sorghum] | |
| 260 | 3 |
_aCruz Alta, RS (Brasil): _c1984. |
|
| 500 | _aContribuicao do Centro de Experimentacao e Pesquisa a 13. Reuniao Tecnica Anual do Sorgo Cruz Alta, RS (Brasil): 1984. p. 24-27 (BR8501062-AM)H20 | ||
| 650 | _aSORGO | ||
| 650 | _aMELHORAMENTO GENETICO VEGETAL | ||
| 650 | _aGERMOPLASMA | ||
| 650 | _aDOENCA DE PLANTA | ||
| 650 | _aMILDIO | ||
| 650 | _aANTRACNOSE | ||
| 650 | _aHELMINTOSPORIOSE | ||
| 773 | 0 |
_tContribuicao do Centro de Experimentacao e Pesquisa a 13. Reuniao Tecnica Anual do Sorgo _wH20 BR8501062 _gCruz Alta, RS (Brasil), 1984. p. 24-27 |
|
| 909 |
_a202404 _bLucia _c55 _dLucia Elande |
||
| 942 |
_cAM _2AGRIS |
||
| 999 |
_c317213 _d317213 |
||